000 00484nam a2200181Ia 4500
005 20251209145251.0
008 231207s9999 xx 000 0 und d
020 _a9780944142790
040 _cPK-LaNCA
082 _a746.97
_bSHA
100 _aShankar, Ann
245 0 _aBridal durries of India
260 _bMapin Publishing Pvt
_aAhmedabad
_c1997
300 _a196p
_bill
546 _aEnglish
650 _aDurrie, Indian--History. Durrie, Indian--Design. FTV.
942 _cF&TV
999 _c20249
_d20249